Statistiques concernant Pays avec le plus d'ânes

Cliquez ici pour prendre le quiz!

Statistiques générales

  • Ce quiz a été pris 69 fois
  • Le résultat moyen est 4 sur 10

Statistiques - réponses

# (millions)Réponse% Correct
4.5Chine
83%
1.5Egypte
52%
3.2Mexique
52%
1.6Iran
48%
5.2Pakistan
37%
8.7Ethiopie
33%
1.8Niger
33%
1.3Nigeria
30%
1.3Afghanistan
28%
3.1Tchad
28%

Distribution des résultats

Percentile par nombre de réponses

% des personnes avec chaque résultat

Votre développement - résultats

Vous n’avez pas pris ce quiz